Líbranos de la perfección : para una terapia de la imperfección : ejercicios prácticos /
Colección Sentido es una serie de la Sociedad Mexicana de Análisis Existencial y Logoterapia donde se exponen puntos de vista sobre la aplicación de los métodos logoterapéuticos. En este tercer volumen, el autor presenta una guía práctica de autoconocimiento con técnicas y dinámicas que ayudan a des...
সংরক্ষণ করুন:
| প্রধান লেখক: | |
|---|---|
| বিন্যাস: | গ্রন্থ |
| ভাষা: | স্প্যানিশ |
| প্রকাশিত: |
México :
Sociedad Mexicana de Análisis Existencial y Logoterapia : LAG,
2003, c2003
|
| সংস্করন: | 2a edición |
| মালা: | (Sentido ;
3) |
| বিষয়গুলি: | |
| ট্যাগগুলো: |
কোনো ট্যাগ নেই, প্রথমজন হিসাবে ট্যাগ করুন!
|
MARC
| LEADER | 00000nam^a2200000^a^4500 | ||
|---|---|---|---|
| 001 | 000181608 | ||
| 005 | 20250521000000.0 | ||
| 009 | 20260310101939.285 | ||
| 020 | |a 970-92716-2-8 | ||
| 037 | |a Acervo ITESO - Biblioteca | ||
| 041 | |a ESP | ||
| 082 | |a 616. 89147 |b SEN V. 3 | ||
| 100 | |a Peter, Ricardo |e (autor) | ||
| 245 | 1 | 0 | |a Líbranos de la perfección : |b para una terapia de la imperfección : ejercicios prácticos / |c R. Peter. |
| 250 | |a 2a edición | ||
| 264 | 4 | |a México : |b Sociedad Mexicana de Análisis Existencial y Logoterapia : |c 2003, c2003 |b LAG, | |
| 300 | |a 158 p. | ||
| 336 | |a texto |b txt |2 rdacontenido | ||
| 337 | |a sin mediación |b n |2 rdamedio | ||
| 338 | |a volumen |b nc |2 rdasoporte | ||
| 440 | 1 | |a (Sentido ; |v 3) | |
| 520 | |a Colección Sentido es una serie de la Sociedad Mexicana de Análisis Existencial y Logoterapia donde se exponen puntos de vista sobre la aplicación de los métodos logoterapéuticos. En este tercer volumen, el autor presenta una guía práctica de autoconocimiento con técnicas y dinámicas que ayudan a descubrir y conocer los propios niveles de exigencia y necesidad de perfección profesional, familiar, social y física; así como ejercicios para aceptar y superar los propios límites. | ||
| 545 | 0 | |a Ricardo Peter, doctor en filosofía por la Universidad Gregoriana con formación en psicoanálisis y en counseling, exembajador nicaragüense ante el Vaticano e investigador en la Benemérita Universidad Autónoma de Puebla, fallecido en 2018; fue el creador de la terapia de la imperfección, teoría psicoterapéutica fundamentada en la antropología filosófica, y de una propuesta ética del límite. Entre sus obras destacan Honra tu límite: fundamentos filosóficos de la terapia de la imperfección; Líbranos de la perfección: para una terapia de la imperfección; Una terapia para la persona humana: aspectos teóricos de la terapia de la imperfección; Hermenéutica del asunto humano: meditaciones sobre la intimidad; Etica para errantes: la parábola del hijo pródigo; La fatiga de ser humano: cuando desaparece la alegría de vivir, la inconsistencia del sentido de la vida; entre otros. | |
| 649 | |a XX | ||
| 650 | |a Perfección - |x Filosofía - |x Tema Principal | ||
| 650 | |a Perfección - |x Aspectos Psicológicos - |x Tema Principal | ||
| 650 | |a Autoanálisis | ||
| 650 | |a Autoconcepto | ||
| 650 | |a Desarrollo Humano | ||
| 650 | |a Logoterapia | ||
| 650 | |a Psicoterapia Existencial | ||
| 650 | |a Psicoterapia - |x Teoría | ||
| 650 | |a Psicología Clínica | ||
| 910 | |a Fondo General | ||
| 920 | |a Impresos - Libros | ||
| 930 | |a Colección General | ||
| 905 | |a 101 | ||
| 901 | |a 0500121637 |b IT1 |c ACC |u 20250521 | ||
| 902 | |a https://opac.biblio.iteso.mx/vufind/Record/000181608 | ||